00837nam a22002177a 450000500170000001000130001702000180003003500130004803700170006108200060007810000250008424501020010926000350021127000610024630000200030749000390032770000250036694200200039199900170041195201910042820120216122340.0 aB-453665 a9780143335740 aB-453665 adplbRBC/Ven aS aRay, Satyajit946393 aThe mystery of the elephant god /cby Satyajit Ray ; translated from the Bengali by Gopa Majumdar aNew DelhibPenguin Booksc2003 a11, Community Center,Panchsheel Park,bNew Delhie110017 a104pc18cm(pbk) aThe adventures of feludav7946394 aMajumdar,Gopa942457 2ddccENmRAYhS c65945d65945 001040708FICaLbLd2012-05-04eRBC/26662/08.10.2011/07/15.09.2011/29.11.2011g125.00l0oS RAYpB-453665r2012-05-04 00:00:00t1v125.00w2012-05-04yENzLegal Case (Register No. 29)